| 000 | 00702cam a2200217 4500500 | ||
|---|---|---|---|
| 005 | 20260329003232.0 | ||
| 041 | _afre | ||
| 042 | _adc | ||
| 100 | 1 | 0 |
_aLacroix, Alexandre _eauthor |
| 245 | 0 | 0 | _aJérôme Ferrari, Étienne Klein. Comme si Platon avait inventé la bombe atomique |
| 260 | _c2015. | ||
| 500 | _a92 | ||
| 690 | _aAlbert Einstein | ||
| 690 | _aBombe nucléaire | ||
| 690 | _aÉtienne Klein | ||
| 690 | _aJérôme Ferrari | ||
| 690 | _aPhysique | ||
| 690 | _aPhysique quantique | ||
| 786 | 0 | _nPhilosophie magazine | 87 | 3 | 2015-03-01 | p. 12-16 | 1951-1787 | |
| 856 | 4 | 1 | _uhttps://shs.cairn.info/magazine-philosophie-magazine-2015-3-page-12?lang=fr&redirect-ssocas=7080 |
| 999 |
_c1822657 _d1822657 |
||